000 02137cam a22005174i 4500
003 PE-LiUPU
005 20250731173539.0
008 150616s1993 tnu r 000 0 eng d
020 _a0805460705
035 _a(Sirsi) i9780805460704
040 _aPE-LiUPU
_bspa
_cPE-LiUPU
_erda
049 _aPRUA
082 0 4 _a254.108693
_bR81
_221
100 1 _aRomo, Oscar I.,
_eautor.
245 1 0 _aAmerican mosaic :
_bchurch planting in ethnic America /
_cOscar I. Romo.
264 1 _aTennessee :
_bBroadman Press,
_c1993.
300 _a222 páginas ;
_c20 centímetros
336 _atext
_2rdacontent
337 _aunmediated
_2rdamedia
338 _avolume
_2rdacarrier
505 0 _aToward a philosophy of ethnic missions -- Reshaping global America -- The gospel in a pluralistic context - Contextualization -- Ethnic church growth.
526 _aSEG42
526 _aSEG41
526 _aSEG40
526 _aSEG39
526 _aP94
526 _aP87
526 _aP86
526 _aP85
526 _aP77
526 _aP76
526 _aP35
650 1 4 _aTrabajo de la iglesia con las minorías
_zEstados Unidos.
650 2 4 _aDesarrollo eclesiástico
_xBautistas.
650 2 4 _aCrecimiento de la iglesia
_xBautistas.
910 _ajck
_bjvq
_cjck
942 _2ddc
_cBOOK
949 _a254.108693 R81
_wDEWEY
_c1
_i42434
_lCCODEBUL1
_mBUL
_r0
_sY
_tBOOK
_u2015-4-23
_xTEOLOGIA
_zUNKNOWN
_0COMPRA
_o.STAFF. Colección Teología
949 _a254.108693 R81
_wDEWEY
_c2
_i42537
_lCCODEBUL1
_mBUL
_r0
_sY
_tBOOK
_u2015-6-16
_xTEOLOGIA
_zUNKNOWN
_0COMPRA
_o.STAFF. Colección Teología
994 _aC0
_bPEPRU
596 _a1
999 _a254.108693 R81
_wDEWEY
_c60368
_i42434
_f2021-11-10
_g5
_lCCODEBUL1
_mBUL
_p20.00
_q1
_r0
_sY
_tBOOK
_u2015-4-23
_xTEOLOGIA
_PP35
_0COMPRA
_o.STAFF. Colección Teología
_d60368
999 _a254.108693 R81
_wDEWEY
_c2
_i42537
_e2017-2-21
_f2021-11-10
_g5
_lCCODEBUL1
_mBUL
_n1
_p6.00
_r0
_sY
_tBOOK
_u2015-6-16
_xTEOLOGIA
_zUNKNOWN
_0COMPRA
_o.STAFF. Colección Teología
980 _81
_gALBERTO SANCHEZ Responsable de Automatización